Financial Accounting Principles (Record no. 341829)
[ view plain ]
| 000 -LEADER | |
|---|---|
| fixed length control field | 00373nam a22001457a 4500 |
| 020 ## - INTERNATIONAL STANDARD BOOK NUMBER | |
| International Standard Book Number | 9780538755351 |
| 082 ## - DEWEY DECIMAL CLASSIFICATION NUMBER | |
| Classification number | 657.834 |
| Item number | POW/FI |
| 100 ## - MAIN ENTRY--PERSONAL NAME | |
| Personal name | Powers,Marian |
| 9 (RLIN) | 1167 |
| 100 ## - MAIN ENTRY--PERSONAL NAME | |
| Personal name | Needles,Belverd E. |
| 9 (RLIN) | 1168 |
| 245 ## - TITLE STATEMENT | |
| Title | Financial Accounting Principles |
| 250 ## - EDITION STATEMENT | |
| Edition statement | 11 th |
| 260 ## - PUBLICATION, DISTRIBUTION, ETC. (IMPRINT) | |
| Place of publication, distribution, etc. | Australia |
| Name of publisher, distributor, etc. | South - Western - Cengage Learning |
| Date of publication, distribution, etc. | 2011 |
| 300 ## - PHYSICAL DESCRIPTION | |
| Extent | 809 |
| 942 ## - ADDED ENTRY ELEMENTS (KOHA) | |
| Koha item type | Books (General) |
| Withdrawn status | Lost status | Damaged status | Not for loan | Collection code | Home library | Current library | Shelving location | Date acquired | Source of acquisition | Cost, normal purchase price | Total Checkouts | Full call number | Barcode | Date last seen | Price effective from | Koha item type |
|---|---|---|---|---|---|---|---|---|---|---|---|---|---|---|---|---|
| Kelappaji College of Agricultural Engineering & Technology Library, Tavanur | Kelappaji College of Agricultural Engineering & Technology Library, Tavanur | 25/07/2016 | Southern Book Star, Tvm. | 3280.00 | 657.834 POW/FI | KAU_KCAEFT-24532 | 25/07/2016 | 25/07/2016 | Books (General) |
